Математическое моделирование организационных и экономических систем: учебное пособие
| Corporate Author: | |
|---|---|
| Other Authors: | |
| Summary: | В учебном пособии изложены основные аспекты, связанные с проектным менеджментом, рассматриваемым в качестве составной части информационных технологий. Акцент сделан на практических вопросах разработки и реализации проекта. Все этапы его жизнедеятельности рассматриваются с применением наглядного иллюстрационного материала Практическая часть курса предполагает выполнение контрольной работы. В пособии данному процессу уделяется значительное внимание - разработка проекта рассматривается детально, по шагам, с пояснениями, на конкретном примере. Выполнение лабораторной работы ориентировано на современный реальный пакет прикладных программ - Microsoft Project. Пособие подготовлено на кафедре оптимизации систем управления и предназначено для студентов ИДО, обучающихся по направлению 080200 « Менеджмент» Текстовый файл AM_TPU_network |
| Language: | Russian |
| Published: |
Томск, Изд-во ТПУ, 2013
|
| Subjects: | |
| Online Access: | https://www.lib.tpu.ru/fulltext2/m/2013/m413.pdf |
| Format: | Electronic Book |
| KOHA link: | https://koha.lib.tpu.ru/cgi-bin/koha/opac-detail.pl?biblionumber=686334 |
MARC
| LEADER | 00000nam0a2200000 4500 | ||
|---|---|---|---|
| 001 | 686334 | ||
| 005 | 20260514112925.0 | ||
| 090 | |a 686334 | ||
| 100 | |a 20260430d2013 m y0rusy50 ca | ||
| 101 | 0 | |a rus | |
| 102 | |a RU | ||
| 105 | |a a j 001zy | ||
| 135 | |a drcn ---uucaa | ||
| 181 | 0 | |a i |b e | |
| 182 | 0 | |a b | |
| 183 | 0 | |a cr |2 RDAcarrier | |
| 200 | 1 | |a Математическое моделирование организационных и экономических систем |e учебное пособие |f Национальный исследовательский Томский политехнический университет, Институт кибернетики ; сост. А. П. Першина | |
| 203 | |a Текст |b визуальный |c электронный | ||
| 210 | |a Томск |c Изд-во ТПУ |d 2013 | ||
| 215 | |a 1 файл (4,38 MB, 206 с.) |c ил. | ||
| 283 | |a online_resource |2 RDAcarrier | ||
| 320 | |a Список литературы: с 204-205 (22 назв.) | ||
| 330 | |a В учебном пособии изложены основные аспекты, связанные с проектным менеджментом, рассматриваемым в качестве составной части информационных технологий. Акцент сделан на практических вопросах разработки и реализации проекта. Все этапы его жизнедеятельности рассматриваются с применением наглядного иллюстрационного материала Практическая часть курса предполагает выполнение контрольной работы. В пособии данному процессу уделяется значительное внимание - разработка проекта рассматривается детально, по шагам, с пояснениями, на конкретном примере. Выполнение лабораторной работы ориентировано на современный реальный пакет прикладных программ - Microsoft Project. Пособие подготовлено на кафедре оптимизации систем управления и предназначено для студентов ИДО, обучающихся по направлению 080200 « Менеджмент» | ||
| 336 | |a Текстовый файл | ||
| 371 | 0 | |a AM_TPU_network | |
| 606 | |a Экономико-математические методы и модели |9 50466 | ||
| 610 | 1 | |a экономика | |
| 610 | 1 | |a управление | |
| 610 | 1 | |a методы | |
| 610 | 1 | |a информационные технологии | |
| 610 | 1 | |a компьютерные технологии | |
| 610 | 1 | |a предприятия | |
| 610 | 1 | |a проектный менеджмент | |
| 610 | 1 | |a жизненные циклы | |
| 610 | 1 | |a разработка | |
| 610 | 1 | |a Microsoft Project | |
| 610 | 1 | |a учебные пособия | |
| 610 | 1 | |a электронный ресурс | |
| 610 | 1 | |a труды учёных ТПУ | |
| 686 | |2 rubbk |a Ув631я73 | ||
| 702 | 1 | |a Першина |b А. П. |c специалист в области информатики и вычислительной техники |c старший преподаватель Томского политехнического университета |f 1948- |g Альбина Петровна |4 220 |9 10827 | |
| 712 | 0 | 2 | |a Томский политехнический университет |b Институт кибернетики, ИК |c 2010-2017 |x TPU |7 ca |8 rus |9 27025 |
| 801 | 0 | |a RU |b 63413507 |c 20260430 | |
| 850 | |a 63413507 | ||
| 856 | 4 | 0 | |u https://www.lib.tpu.ru/fulltext2/m/2013/m413.pdf |z https://www.lib.tpu.ru/fulltext2/m/2013/m413.pdf |
| 942 | |c CF | ||